[Event "Paignton op"]
[Site "Paignton"]
[Date "2019.09.07"]
[Round "9"]
[White "French, Angus"]
[Black "Spanton, Timothy"]
[Result "0-1"]
[WhiteElo "1984"]
[BlackElo "1881"]
[PlyCount "98"]
[EventDate "2019.08.31"]
[EventType "swiss"]
[EventRounds "9"]
[EventCountry "ENG"]
[SourceTitle "EXT 2020"]
[Source "ChessBase"]
[SourceDate "2019.10.17"]
[SourceVersion "1"]
[SourceVersionDate "2019.10.17"]
[SourceQuality "1"]

1. e4 e5 2. Nf3 Nc6 3. d4 exd4 4. Nxd4 Nf6 5. Nc3 Bb4 6. Nxc6 bxc6 7. Bd3 d5 8. exd5 cxd5 9. 0-0 0-0 10. Bg5 c6 11. Na4 h6 12. Bh4 Re8 13. a3 Be7 14. b4 Ng4 15. Bxe7 Qxe7 16. Re1 Qd8 17. Qd2 Bd7 18. Rxe8+ Qxe8 19. f3 Qe5 20. Re1 Qxh2+ 21. Kf1 Qh1+ 22. Ke2 Qxg2+ 23. Kd1 Qxf3+ 24. Kc1 Qf6 25. Kb1 Re8 26. Rf1 Qe7 27. Nc5 Ne5 28. Rg1 Kh8 29. Qg2 g6 30. Re1 Kg7 31. Qg3 Bg4 32. Ba6 Bf5 33. Qc3 f6 34. Bd3 Bxd3 35. Nxd3 Qd6 36. Nf4 Re7 37. Qg3 Kh7 38. Rh1 g5 39. Qh3 gxf4 40. Qxh6+ Kg8 41. Qh8+ Kf7 42. Qh7+ Ke6 43. Qh3+ f5 44. Qh8 Nf7 45. Qh7 Qe5 46. Qg8 Kd7 47. Rh7 Nd6 48. Qb8 Rxh7 49. Qxa7+ Nb7 0-1

[Event "Paignton op"]
[Site "Paignton"]
[Date "2019.09.02"]
[Round "4"]
[White "Brusey, Alan W"]
[Black "French, Angus"]
[Result "1-0"]
[WhiteElo "2054"]
[BlackElo "1984"]
[PlyCount "87"]
[EventDate "2019.08.31"]
[EventType "swiss"]
[EventRounds "9"]
[EventCountry "ENG"]
[SourceTitle "EXT 2020"]
[Source "ChessBase"]
[SourceDate "2019.10.17"]
[SourceVersion "1"]
[SourceVersionDate "2019.10.17"]
[SourceQuality "1"]

1. e4 Nf6 2. e5 Nd5 3. c4 Nb6 4. d4 d6 5. f4 dxe5 6. fxe5 g6 7. Nc3 Bg7 8. Nf3 c5 9. d5 Bg4 10. Bf4 N8d7 11. Qe2 e6 12. 0-0-0 0-0 13. h3 Bxf3 14. gxf3 Qh4 15. Bh2 Bh6+ 16. Kb1 a6 17. Rg1 Rae8 18. Rg4 Qd8 19. f4 Nc8 20. dxe6 fxe6 21. Ne4 Qc7 22. h4 Rf5 23. Qd3 Re7 24. Nd6 Rh5 25. Bg2 Nf8 26. Bxb7 Na7 27. Bxa6 Nc6 28. Bb5 Nd4 29. Ne8 Rxe8 30. Bxe8 Qe7 31. Bb5 Rxh4 32. Rxh4 Qxh4 33. Qg3 Qe7 34. Bg1 Ne2 35. Qf2 Nxg1 36. Rxg1 Qf7 37. Rf1 Qf5+ 38. Ka1 Bg7 39. a4 g5 40. fxg5 Qxe5 41. Qd2 Qg3 42. a5 Qa3+ 43. Kb1 Qb3 44. a6 1-0

[Event "London op Congress August"]
[Site "London"]
[Date "2013.08.25"]
[Round "4"]
[White "French, Angus"]
[Black "Kalavannan, Koby"]
[Result "1-0"]
[WhiteElo "2003"]
[BlackElo "1758"]
[PlyCount "111"]
[EventDate "2013.08.24"]
[EventType "swiss"]
[EventRounds "6"]
[EventCountry "ENG"]
[SourceTitle "EXT 2023"]
[Source "ChessBase"]
[SourceDate "2022.10.05"]
[SourceVersion "1"]
[SourceVersionDate "2022.10.05"]
[SourceQuality "1"]

1. e4 c5 2. c3 d5 3. exd5 Qxd5 4. d4 Nf6 5. Nf3 e6 6. Na3 Nc6 7. Nb5 Qd8 8. dxc5 Bxc5 9. Qxd8+ Kxd8 10. Bg5 a6 11. 0-0-0+ Ke7 12. Nbd4 Bd7 13. Nxc6+ Bxc6 14. Nd4 Bxd4 15. Rxd4 h6 16. Bf4 Rad8 17. Be5 Rxd4 18. Bxd4 Rd8 19. Rg1 Kf8 20. Be2 Nd5 21. Bf3 Nf4 22. Bc5+ Kg8 23. Bxc6 Ne2+ 24. Kc2 Nxg1 25. Bxb7 Ne2 26. Bxa6 Nf4 27. g3 Ng2 28. b4 Ne1+ 29. Kb3 Nf3 30. a4 Nd2+ 31. Kc2 Ne4 32. Be3 Nf6 33. a5 Nd5 34. Bb7 Ne7 35. Bb6 Re8 36. a6 Nc8 37. Bc5 f5 38. b5 Kf7 39. b6 g5 40. a7 Nxa7 41. bxa7 e5 42. Bd6 e4 43. Bb8 e3 44. fxe3 Rxe3 45. a8Q Re2+ 46. Kb3 Rxh2 47. Bd5+ Kg6 48. Qc6+ Kh5 49. Bf3+ g4 50. Qe8+ Kg5 51. Bf4+ Kf6 52. Qe5+ Kg6 53. Qe6+ Kg7 54. Be5+ Kf8 55. Qf6+ Ke8 56. Bc6# 1-0

[Event "London Classic op 4th"]
[Site "London"]
[Date "2012.12.03"]
[Round "3"]
[White "French, Angus"]
[Black "Lazoni, Victor Hugo Boy"]
[Result "1-0"]
[WhiteElo "2018"]
[BlackElo "1806"]
[PlyCount "41"]
[EventDate "2012.12.01"]
[EventType "swiss"]
[EventRounds "9"]
[EventCountry "ENG"]
[SourceTitle "CBM 151 Extra"]
[Source "ChessBase"]
[SourceDate "2012.12.18"]
[SourceVersion "1"]
[SourceVersionDate "2012.12.18"]
[SourceQuality "1"]

1. e4 c6 2. d4 d5 3. e5 Bf5 4. h4 h5 5. Bg5 Qb6 6. Bd3 Bxd3 7. Qxd3 Qxb2 8. e6 Qxa1 9. Qb3 b5 10. Nf3 a5 11. 0-0 a4 12. Qa3 fxe6 13. Nbd2 Qxf1+ 14. Kxf1 Nd7 15. Qc3 Ra6 16. Bf4 Nh6 17. Ng5 Nf5 18. Ndf3 g6 19. Nxe6 Kf7 20. Nfg5+ Kf6 21. Be5+ 1-0

[Event "South Wales op 9th"]
[Site "Penarth"]
[Date "2012.07.12"]
[Round "9"]
[White "French, Angus"]
[Black "Ralphs, Nigel"]
[Result "1/2-1/2"]
[WhiteElo "2032"]
[BlackElo "1913"]
[PlyCount "37"]
[EventDate "2012.07.08"]
[EventType "swiss"]
[EventRounds "9"]
[EventCountry "WLS"]
[SourceTitle "CBM 149 Extra"]
[Source "ChessBase"]
[SourceDate "2012.08.24"]
[SourceVersion "1"]
[SourceVersionDate "2012.08.24"]
[SourceQuality "1"]

1. e4 c5 2. c3 e6 3. d4 d5 4. e5 Qb6 5. Nf3 Bd7 6. Be2 Bb5 7. 0-0 Bxe2 8. Qxe2 Qa6 9. Qe3 cxd4 10. cxd4 Nc6 11. Nc3 Nge7 12. Qf4 Ng6 13. Qg3 Qd3 14. Rd1 Qf5 15. a3 Na5 16. b4 Nc4 17. Ne1 Be7 18. h3 Bh4 19. Qf3 1/2-1/2

[Event "South Wales op 9th"]
[Site "Penarth"]
[Date "2012.07.10"]
[Round "5"]
[White "Taylor, Robert Graham"]
[Black "French, Angus"]
[Result "1/2-1/2"]
[WhiteElo "1950"]
[BlackElo "2032"]
[PlyCount "50"]
[EventDate "2012.07.08"]
[EventType "swiss"]
[EventRounds "9"]
[EventCountry "WLS"]
[SourceTitle "CBM 149 Extra"]
[Source "ChessBase"]
[SourceDate "2012.08.24"]
[SourceVersion "1"]
[SourceVersionDate "2012.08.24"]
[SourceQuality "1"]

1. d4 d5 2. g3 Nf6 3. Bg2 Bf5 4. Nf3 e6 5. 0-0 Bd6 6. Nbd2 0-0 7. c4 c6 8. b3 Nbd7 9. Bb2 Re8 10. h3 h6 11. Ne5 Qc7 12. f4 a5 13. Qe1 Bb4 14. a3 Bxd2 15. Qxd2 Ne4 16. Bxe4 Bxe4 17. Nxd7 Qxd7 18. Kh2 a4 19. Qc3 Qc7 20. b4 Qd7 21. c5 Qe7 22. Rf2 Qf6 23. Raf1 Bh7 24. Bc1 Qf5 25. Qe3 Qc2 1/2-1/2

[Event "BCF-chT3S 1112 (4NCL)"]
[Site "England"]
[Date "2012.02.12"]
[Round "6.6"]
[White "Truman, Richard G"]
[Black "French, Angus"]
[Result "1-0"]
[WhiteElo "1961"]
[BlackElo "2077"]
[PlyCount "73"]
[EventDate "2011.11.12"]
[EventType "team-swiss"]
[EventRounds "6"]
[EventCountry "ENG"]
[SourceTitle "EXT 2013"]
[Source "ChessBase"]
[SourceDate "2012.11.22"]
[SourceVersion "1"]
[SourceVersionDate "2012.11.22"]
[SourceQuality "1"]
[WhiteTeam "e2e4.org.uk III"]
[BlackTeam "Celtic Tigers"]
[WhiteTeamCountry "ENG"]
[BlackTeamCountry "ENG"]

1. d4 d5 2. c4 c6 3. Nf3 Nf6 4. Nc3 dxc4 5. a4 Bf5 6. Nh4 Bg4 7. h3 Bh5 8. g4 Bg6 9. Nxg6 hxg6 10. e3 e6 11. Bxc4 Nbd7 12. f4 Bb4 13. Qf3 Nd5 14. Bd2 Qa5 15. 0-0 0-0-0 16. Rfc1 Ne7 17. Rc2 Nf6 18. Be1 Rdf8 19. Bf2 g5 20. Rac1 gxf4 21. exf4 Kb8 22. Na2 Bd6 23. b4 Qc7 24. Be3 Nfd5 25. Rf2 Nxb4 26. Nxb4 Bxb4 27. Rb1 Bd6 28. Rfb2 b6 29. a5 Nc8 30. Ba6 f6 31. Bxc8 Kxc8 32. axb6 axb6 33. Rxb6 Qa7 34. Qxc6+ Kd8 35. Qxd6+ Ke8 36. Rb8+ Kf7 37. R8b7+ 1-0

[Event "BCF-chT3S 1112 (4NCL)"]
[Site "England"]
[Date "2011.11.12"]
[Round "1.5"]
[White "Gilbert, Colin"]
[Black "French, Angus"]
[Result "1/2-1/2"]
[WhiteElo "1802"]
[BlackElo "2077"]
[PlyCount "52"]
[EventDate "2011.11.12"]
[EventType "team-swiss"]
[EventRounds "6"]
[EventCountry "ENG"]
[SourceTitle "EXT 2013"]
[Source "ChessBase"]
[SourceDate "2012.11.22"]
[SourceVersion "1"]
[SourceVersionDate "2012.11.22"]
[SourceQuality "1"]
[WhiteTeam "The Full Ponty"]
[BlackTeam "Celtic Tigers"]
[WhiteTeamCountry "ENG"]
[BlackTeamCountry "ENG"]

1. Nf3 d5 2. d4 Nf6 3. c4 c6 4. Nc3 dxc4 5. a4 Bf5 6. e3 e6 7. Bxc4 Bb4 8. Bd2 0-0 9. h3 c5 10. dxc5 Nc6 11. 0-0 Bd3 12. Bxd3 Qxd3 13. Nb5 Bxc5 14. Bc3 Qxd1 15. Rfxd1 Ne4 16. Rd7 Rab8 17. Be1 Nf6 18. Rdd1 Rfd8 19. Rac1 Be7 20. Nfd4 Nxd4 21. Nxd4 Rd7 22. Nb5 Rxd1 23. Rxd1 a6 24. Nc3 Kf8 25. Kf1 Ke8 26. Ke2 Rd8 1/2-1/2

[Event "Paington op"]
[Site "Paignton"]
[Date "2011.09.07"]
[Round "4"]
[White "French, Angus"]
[Black "Burnett, Jim"]
[Result "0-1"]
[WhiteElo "2078"]
[BlackElo "2148"]
[PlyCount "58"]
[EventDate "2011.09.04"]
[EventType "swiss"]
[EventRounds "7"]
[EventCountry "ENG"]
[SourceTitle "CBM 144 Extra"]
[Source "ChessBase"]
[SourceDate "2011.10.28"]
[SourceVersion "1"]
[SourceVersionDate "2011.10.28"]
[SourceQuality "1"]

1. e4 e6 2. d4 d5 3. Nc3 Bb4 4. e5 c5 5. a3 Bxc3+ 6. bxc3 Ne7 7. Qg4 Qc7 8. Qxg7 Rg8 9. Qxh7 cxd4 10. Ne2 Nbc6 11. f4 dxc3 12. Qd3 Bd7 13. Rb1 0-0-0 14. h3 d4 15. g4 Nxe5 16. fxe5 Bc6 17. Rh2 Ng6 18. Qg3 Qxe5 19. Qxe5 Nxe5 20. Ng1 f5 21. g5 Rge8 22. h4 Ng4 23. Rh3 e5 24. Be2 Ba4 25. Bd1 e4 26. Rb4 b5 27. h5 d3 28. Bf4 e3 29. Bxg4 d2+ 0-1

[Event "Paington op"]
[Site "Paignton"]
[Date "2011.09.06"]
[Round "3"]
[White "French, Angus"]
[Black "Rosen, Daniel B"]
[Result "1/2-1/2"]
[WhiteElo "2078"]
[BlackElo "2139"]
[PlyCount "86"]
[EventDate "2011.09.04"]
[EventType "swiss"]
[EventRounds "7"]
[EventCountry "ENG"]
[SourceTitle "CBM 144 Extra"]
[Source "ChessBase"]
[SourceDate "2011.10.28"]
[SourceVersion "1"]
[SourceVersionDate "2011.10.28"]
[SourceQuality "1"]

1. e4 d6 2. d4 g6 3. Nc3 Bg7 4. Be3 Nd7 5. Qd2 c6 6. Nf3 b5 7. h3 Bb7 8. Bd3 a6 9. 0-0 c5 10. a3 Ngf6 11. d5 0-0 12. Bh6 c4 13. Be2 Nc5 14. Bxg7 Kxg7 15. Qe3 e5 16. dxe6 Nxe6 17. Rad1 Qc7 18. Nd5 Bxd5 19. exd5 Nc5 20. Nh4 h6 21. Bf3 Rae8 22. Qd4 Re5 23. g3 Rfe8 24. Ng2 Rf5 25. Nh4 Rfe5 26. Ng2 Qd7 27. g4 Qd8 28. Ne3 Nh7 29. Bg2 Qf6 30. Rde1 Kg8 31. Kh2 Qe7 32. Qf4 Qg5 33. Qxg5 hxg5 34. Rd1 Nf6 35. Bf3 Kg7 36. Kg2 Na4 37. Rb1 Nb6 38. Rfd1 Rc8 39. Rd4 Rc5 40. Rbd1 Na4 41. Rb1 Nb6 42. Rbd1 Na4 43. Rb1 Nb6 1/2-1/2

[Event "Paington op"]
[Site "Paignton"]
[Date "2011.09.04"]
[Round "1"]
[White "French, Angus"]
[Black "Wynarczyk, Raymond"]
[Result "1/2-1/2"]
[WhiteElo "2078"]
[BlackElo "1923"]
[PlyCount "57"]
[EventDate "2011.09.04"]
[EventType "swiss"]
[EventRounds "7"]
[EventCountry "ENG"]
[SourceTitle "CBM 144 Extra"]
[Source "ChessBase"]
[SourceDate "2011.10.28"]
[SourceVersion "1"]
[SourceVersionDate "2011.10.28"]
[SourceQuality "1"]

1. e4 c5 2. c3 d5 3. exd5 Qxd5 4. d4 Nc6 5. Nf3 cxd4 6. cxd4 Bg4 7. Nc3 Bxf3 8. gxf3 Qxd4 9. Qxd4 Nxd4 10. Nb5 Nc2+ 11. Kd1 Rc8 12. Nxa7 Rc5 13. b4 Nxb4 14. Be3 e6 15. Bxc5 Bxc5 16. Rb1 Nf6 17. Bb5+ Ke7 18. Bc4 Rd8+ 19. Ke2 Nfd5 20. Bxd5 Rxd5 21. Rhd1 Nxa2 22. Rxb7+ Kf6 23. Rxd5 Nc3+ 24. Kf1 Nxd5 25. Nc6 Nf4 26. Nd8 Be7 27. Rd7 Bxd8 28. Rxd8 h5 29. Rb8 1/2-1/2

[Event "BCF-chT2b 0910 (4NCL)"]
[Site "England"]
[Date "2009.10.24"]
[Round "1.7"]
[White "French, Angus"]
[Black "Baruch, Andrew JD"]
[Result "1/2-1/2"]
[WhiteElo "2099"]
[BlackElo "2089"]
[PlyCount "68"]
[EventDate "2009.10.24"]
[EventType "team-tourn"]
[EventRounds "11"]
[EventCountry "ENG"]
[SourceTitle "EXT 2010"]
[Source "ChessBase"]
[SourceDate "2010.11.25"]
[SourceVersion "1"]
[SourceVersionDate "2010.11.25"]
[SourceQuality "1"]
[WhiteTeam "Celtic Tigers"]
[BlackTeam "Warwicks Select"]
[WhiteTeamCountry "ENG"]
[BlackTeamCountry "ENG"]

1. e4 Nf6 2. e5 Nd5 3. c4 Nb6 4. d4 d6 5. exd6 cxd6 6. Nc3 g6 7. Be3 Bg7 8. Rc1 0-0 9. b3 e6 10. Nf3 Bd7 11. Be2 d5 12. c5 Nc8 13. b4 a6 14. 0-0 Ne7 15. Bf4 Nbc6 16. Bd6 Nf5 17. Bxf8 Kxf8 18. Re1 Nfxd4 19. Nxd4 Nxd4 20. Bf1 b5 21. g3 Bc6 22. Bg2 a5 23. a3 e5 24. h4 e4 25. h5 axb4 26. axb4 Qg5 27. hxg6 hxg6 28. Ne2 Ne6 29. Bxe4 Ra4 30. Rb1 Nxc5 31. Bc2 Ne6 32. Bxa4 d4 33. Rc1 Bb7 34. Rc8+ Bxc8 1/2-1/2

[Event "Paington op"]
[Site "Paington"]
[Date "2009.09.11"]
[Round "6"]
[White "Bolt, Graham"]
[Black "French, Angus"]
[Result "1/2-1/2"]
[WhiteElo "2090"]
[BlackElo "2095"]
[PlyCount "92"]
[EventDate "2009.09.06"]
[EventType "swiss"]
[EventRounds "7"]
[EventCountry "ENG"]
[SourceTitle "CBM 132 Extra"]
[Source "ChessBase"]
[SourceDate "2009.11.03"]
[SourceVersion "1"]
[SourceVersionDate "2009.11.03"]
[SourceQuality "1"]

1. g3 d5 2. Bg2 Nf6 3. d3 c6 4. Nd2 e5 5. b3 Bd6 6. Bb2 0-0 7. e3 Re8 8. Ne2 a5 9. 0-0 Bg4 10. h3 Bh5 11. Nf3 Nbd7 12. Nh4 Nf8 13. Qd2 N6d7 14. c4 Bb4 15. Qc2 d4 16. exd4 Bxe2 17. Qxe2 exd4 18. Qc2 Nf6 19. a3 Bc5 20. Qd2 Qb6 21. Rab1 Re6 22. Bc1 Qc7 23. Qg5 Qe5 24. b4 Qxg5 25. Bxg5 axb4 26. axb4 Bd6 27. c5 Be5 28. f4 Bc7 29. f5 Re2 30. Bf3 Rc2 31. Rf2 Rxf2 32. Kxf2 Ra2+ 33. Kg1 N8d7 34. g4 h6 35. Bxf6 Nxf6 36. b5 Bh2+ 37. Kh1 Bg3 38. Ng2 Rc2 39. bxc6 bxc6 40. Bxc6 Rxc5 41. Bf3 Rc2 42. Kg1 Nd7 43. Rd1 Nc5 44. Bd5 Kf8 45. Bc4 Ke7 46. Ne1 Bf2+ 1/2-1/2